Study on the impact of employee motivation and engagement on employees performance with reference to Mandovi Pvt Ltd / (Record no. 231144)
[ view plain ]
| 000 -LEADER | |
|---|---|
| fixed length control field | 00682nam a22001817a 4500 |
| 003 - CONTROL NUMBER IDENTIFIER | |
| control field | OSt |
| 005 - DATE AND TIME OF LATEST TRANSACTION | |
| control field | 20260227154410.0 |
| 008 - FIXED-LENGTH DATA ELEMENTS--GENERAL INFORMATION | |
| fixed length control field | 240613b ||||| |||| 00| 0 eng d |
| 040 ## - CATALOGING SOURCE | |
| Transcribing agency | AIMIT LIBRARY |
| 100 ## - MAIN ENTRY--PERSONAL NAME | |
| Personal name | Monteiro, Anisha. |
| Relator term | 2116018 |
| 9 (RLIN) | 170364 |
| 245 ## - TITLE STATEMENT | |
| Title | Study on the impact of employee motivation and engagement on employees performance with reference to Mandovi Pvt Ltd / |
| Statement of responsibility, etc. | By Anish Monteiro ; Guided by Rowena Wright. |
| 260 ## - PUBLICATION, DISTRIBUTION, ETC. | |
| Place of publication, distribution, etc. | Mangalore |
| Date of publication, distribution, etc. | 2023 |
| 650 ## - SUBJECT ADDED ENTRY--TOPICAL TERM | |
| Topical term or geographic name entry element | Literature review |
| 9 (RLIN) | 170365 |
| 650 ## - SUBJECT ADDED ENTRY--TOPICAL TERM | |
| Topical term or geographic name entry element | Statement of the problem |
| 9 (RLIN) | 170366 |
| 700 ## - ADDED ENTRY--PERSONAL NAME | |
| Personal name | Wright, Rowena. |
| Relator term | Guide |
| 9 (RLIN) | 170367 |
| 856 ## - ELECTRONIC LOCATION AND ACCESS | |
| Materials specified | Mandovi Motors Private Limited |
| Link text | www.mandovimotors.in |
| 942 ## - ADDED ENTRY ELEMENTS (KOHA) | |
| Source of classification or shelving scheme | Dewey Decimal Classification |
| Koha item type | Project Report |
| Withdrawn status | Lost status | Source of classification or shelving scheme | Damaged status | Not for loan | Collection code | Home library | Current library | Shelving location | Date acquired | Total Checkouts | Barcode | Date last seen | Uniform Resource Identifier | Price effective from | Koha item type |
|---|---|---|---|---|---|---|---|---|---|---|---|---|---|---|---|
| Dewey Decimal Classification | Not for loan | Project Report MBA | St Aloysius Institute of Management & Information Technology | St Aloysius Institute of Management & Information Technology | Dissertations | 06/13/2024 | PRB02028 | 06/13/2024 | www.mandovimotors.in | 06/13/2024 | Project Report |